Races, nations and classes : (Record no. 7988)

MARC details
000 -LEADER
fixed length control field 00696nam a22002172 4500
001 - CONTROL NUMBER
control field 0000009611
005 - DATE AND TIME OF LATEST TRANSACTION
control field 20151217152058.0
008 - FIXED-LENGTH DATA ELEMENTS--GENERAL INFORMATION
fixed length control field 081113s xx 000 0 eng d
040 ## - CATALOGING SOURCE
Original cataloging agency KABU
Transcribing agency KABU
100 1# - MAIN ENTRY--PERSONAL NAME
Personal name Miller, Herbert Adolphus.
-- 0000161339
245 10 - TITLE STATEMENT
Title Races, nations and classes :
Remainder of title the psychology of domination and freedom /
Statement of responsibility, etc. Herbert Adolphus Miller.
250 ## - EDITION STATEMENT
Edition statement 1st ed.
260 ## - PUBLICATION, DISTRIBUTION, ETC. (IMPRINT)
Place of publication, distribution, etc. London :
Name of publisher, distributor, etc. J. B. Lippincott,
Date of publication, distribution, etc. 1924.
300 ## - PHYSICAL DESCRIPTION
Extent xvii, 196 p.
650 #0 - SUBJECT ADDED ENTRY--TOPICAL TERM
Topical term or geographic name as entry element Race relations.
-- 0000153102
650 #0 - SUBJECT ADDED ENTRY--TOPICAL TERM
Topical term or geographic name as entry element Sociology.
-- 0000099021
650 #0 - SUBJECT ADDED ENTRY--TOPICAL TERM
Topical term or geographic name as entry element Social psychology.
-- 0000152823
852 1# - LOCATION
-- p300 KES
908 ## - PUT COMMAND PARAMETER (RLIN)
Put command parameter 081113
950 ## - LOCAL HOLDINGS (RLIN)
-- 1
Holdings
Withdrawn status Lost status Source of classification or shelving scheme Not for loan Home library Current library Date acquired Total Checkouts Full call number Barcode Date last seen Price effective from Koha item type
    Library of Congress Classification   Kabarak, Main Campus Kabarak, Main Campus 17/12/2015   HT1521 .M55 c. 1 15489 17/12/2015 17/12/2015 General Collection
Designed with assistance from East African Informatics Ltd